000 00587nam a2200181 i 4500
001 87847
003 ES-MaACL
005 20230906175742.0
007 t|
008 041223s1964 mx ||||1| spa d
100 1 _aKuznets, Simón.
_969094
245 1 0 _aCrecimiento económico de postguerra
_b: cuatro conferencias /
_cpor Simón Kuznets ; traducción al español por Agustín Contin.
250 _a1ª ed. en español.
260 _aMéxico :
_bU.T.E.H.A.,
_c1964.
300 _aIX, 181 p. ;
_c18 cm.
700 1 _aContín, Agustín.
_940292
852 _aES-MaACL
_jC-29174
_bR.58286
999 _c87847
_d87847